[Event "Titled Tuesday intern op 04th Feb Early"]
[Site "Chess.com INT"]
[Date "2025.02.04"]
[Round "3"]
[White "Prohorov, Olexandr"]
[Black "Michalski, Olaf"]
[Result "0-1"]
[WhiteElo "2086"]
[BlackElo "2271"]
[PlyCount "82"]
[EventDate "2025.02.04"]
[EventType "swiss (blitz)"]
[EventRounds "11"]
[EventCountry "USA"]
[SourceTitle "CB07_2025"]
[SourceDate "2025.02.12"]
[SourceVersion "1"]
[SourceVersionDate "2025.02.12"]
[SourceQuality "1"]

1. Nf3 d6 2. g3 e5 3. Bg2 f5 4. c4 Nf6 5. Nc3 Be7 6. d3 0-0 7. 0-0 Qe8 8. Rb1 Qh5 9. b4 Kh8 10. Qc2 Ng4 11. h3 Nh6 12. Nb5 Bd8 13. c5 e4 14. dxe4 fxe4 15. Nh2 Bxh3 16. Bxh3 Qxh3 17. cxd6 cxd6 18. Nxd6 Nc6 19. Qxe4 Bb6 20. Bf4 Nd4 21. Rb2 Ng4 22. Nxg4 Qxg4 23. Be5 Qxe4 24. Nxe4 Rae8 25. Bd6 Rf5 26. Nc3 Re6 27. Bc5 Bxc5 28. bxc5 Rxc5 29. Rxb7 h5 30. e3 Nf3+ 31. Kg2 Nd2 32. Rc1 Rec6 33. Rb2 Ne4 34. Nxe4 Rxc1 35. Rb5 g6 36. Rb7 Ra6 37. Ng5 Rxa2 38. e4 Kg8 39. e5 Kf8 40. e6 Re2 41. Rxa7 Rce1 0-1

[Event "Titled Tuesday intern op 04th Feb Late"]
[Site "Chess.com INT"]
[Date "2025.02.04"]
[Round "7"]
[White "Stangl, Anita"]
[Black "Prohorov, Olexandr"]
[Result "0-1"]
[WhiteElo "2018"]
[BlackElo "2086"]
[PlyCount "86"]
[EventDate "2025.02.04"]
[EventType "swiss (blitz)"]
[EventRounds "11"]
[EventCountry "USA"]
[SourceTitle "CB07_2025"]
[SourceDate "2025.02.12"]
[SourceVersion "1"]
[SourceVersionDate "2025.02.12"]
[SourceQuality "1"]

1. e4 c5 2. Nf3 e6 3. d4 cxd4 4. Nxd4 Qb6 5. Nb3 Nf6 6. Bd3 d5 7. exd5 Nxd5 8. 0-0 Be7 9. Be3 Qc7 10. Bd4 0-0 11. Re1 Nc6 12. Qh5 g6 13. Qh3 e5 14. Qf3 exd4 15. Qxd5 Be6 16. Qf3 Rad8 17. N1d2 Bd5 18. Qg4 f5 19. Qh3 Bf6 20. Re2 Rfe8 21. Rae1 Rxe2 22. Rxe2 Qf7 23. Bb5 Re8 24. Qd3 Nb4 25. Bxe8 Qc7 26. Qg3 Qxc2 27. Re1 Nd3 28. Rf1 Qxb2 29. Qb8 Kg7 30. Qc7+ Kh6 31. Bf7 Bxf7 32. Qxf7 Be5 33. Nf3 Qxa2 34. Qxb7 Bf6 35. Nbxd4 Qc4 36. Ne2 a5 37. Ng3 a4 38. Qb6 Qc3 39. Ne2 Qb2 40. Qxb2 Bxb2 41. Nd2 a3 42. Nb3 Nb4 43. Nec1 Kg5 0-1

[Event "Lvov LDU FK Blitz"]
[Site "Lvov"]
[Date "2024.12.09"]
[Round "2"]
[White "Filippskikh, Oleksii"]
[Black "Prohorov, Olexandr"]
[Result "0-1"]
[WhiteElo "1996"]
[BlackElo "2086"]
[PlyCount "122"]
[EventDate "2024.12.09"]
[EventType "tourn (blitz)"]
[EventRounds "9"]
[EventCountry "UKR"]
[SourceTitle "CB50_2024"]
[SourceDate "2024.11.01"]
[SourceVersion "1"]
[SourceVersionDate "2024.11.01"]
[SourceQuality "2"]

1. d4 Nf6 2. Nf3 c5 3. d5 g6 4. g3 Bg7 5. Bg2 d6 6. a4 0-0 7. 0-0 e6 8. c4 exd5 9. cxd5 Re8 10. Nc3 Bg4 11. Nd2 Na6 12. h3 Bd7 13. Nc4 Bc8 14. Bf4 Bf8 15. e4 Nh5 16. Bc1 Nb4 17. Re1 Bg7 18. Nb5 Bf8 19. e5 dxe5 20. Nxe5 a6 21. Nc3 Bd6 22. Nf3 Bf5 23. Rxe8+ Qxe8 24. g4 Bc2 25. Qe1 Nf4 26. Bxf4 Bxf4 27. Qxe8+ Rxe8 28. Re1 Kf8 29. Rxe8+ Kxe8 30. Ne1 Bb3 31. a5 Kd7 32. d6 Kxd6 33. Bxb7 Bc1 34. Ne4+ Kc7 35. Ba8 Kb8 36. Nxc5 Bc4 37. b3 Bb5 38. Be4 Bb2 39. Ncd3 Bc3 40. Nxb4 Bxe1 41. Nc6+ Kc7 42. Ne5 f6 43. Nc4 Bxc4 44. bxc4 Bxa5 45. h4 Bb6 46. Kg2 a5 47. f4 a4 48. h5 gxh5 49. gxh5 h6 50. Kf3 Kd6 51. Ke2 Kc5 52. Kd3 Kb4 53. Bd5 Bc7 54. Kc2 Bxf4 55. Be6 Be5 56. Kb1 a3 57. Ka2 Bd6 58. Bf5 Bc5 59. Be6 Kc3 60. Bd5 Kd4 61. Kb3 Ke5 0-1

[Event "Lvov LDU FK Blitz"]
[Site "Lvov"]
[Date "2024.12.09"]
[Round "5"]
[White "Prohorov, Olexandr"]
[Black "Bondarenko, Stanislav"]
[Result "0-1"]
[WhiteElo "2086"]
[BlackElo "1780"]
[PlyCount "94"]
[EventDate "2024.12.09"]
[EventType "tourn (blitz)"]
[EventRounds "9"]
[EventCountry "UKR"]
[SourceTitle "CB50_2024"]
[SourceDate "2024.11.01"]
[SourceVersion "1"]
[SourceVersionDate "2024.11.01"]
[SourceQuality "2"]

1. Nf3 d5 2. d4 Nf6 3. c4 c6 4. Nc3 e6 5. e3 Bb4 6. Qc2 Ne4 7. Bd3 f5 8. 0-0 0-0 9. Ne5 Nd7 10. Nxd7 Bxd7 11. f3 Nxc3 12. bxc3 Bd6 13. Bd2 Qh4 14. f4 Rf6 15. Be1 Qh5 16. Qe2 Qf7 17. Rb1 b6 18. a4 Rf8 19. cxd5 cxd5 20. a5 bxa5 21. c4 dxc4 22. Bxc4 Bc6 23. Bxa5 Rg6 24. Rf2 Rc8 25. Ba2 Be4 26. Rb2 Rc1+ 27. Be1 h5 28. Qd2 Ra1 29. Bb3 a5 30. Ra2 Bb4 31. Qxb4 axb4 32. Rxa1 Qb7 33. g3 h4 34. Rfa2 Bd5 35. Ra7 Qb5 36. Bxd5 Qxd5 37. Rb1 b3 38. Ra5 Qc4 39. Ra3 b2 40. Rc3 Qe2 41. Rb3 h3 42. Bf2 Qf3 43. Kf1 Qg2+ 44. Ke2 Qxh2 45. R1xb2 Rxg3 46. Rb8+ Kh7 47. Kd3 Rg2 0-1

[Event "Titled Tuesday intern op 27th Aug Early"]
[Site "Chess.com INT"]
[Date "2024.08.27"]
[Round "2"]
[White "Prohorov, Olexandr"]
[Black "Sai Agni, Jeevitesh J"]
[Result "0-1"]
[WhiteElo "2086"]
[BlackElo "2274"]
[PlyCount "84"]
[EventDate "2024.08.27"]
[EventType "swiss (blitz)"]
[EventRounds "11"]
[EventCountry "USA"]
[SourceTitle "EXT 2025"]
[Source "ChessBase"]
[SourceDate "2024.10.14"]
[SourceVersion "1"]
[SourceVersionDate "2024.10.14"]
[SourceQuality "1"]

1. e4 e6 2. d4 d5 3. Nd2 Nf6 4. e5 Nfd7 5. Bd3 c5 6. c3 Nc6 7. Ne2 cxd4 8. cxd4 f6 9. exf6 Qxf6 10. Nf3 h6 11. 0-0 Bd6 12. Ng3 0-0 13. a3 Rd8 14. Bd2 Nf8 15. Bc3 Bd7 16. Rc1 Be8 17. Qb3 Rab8 18. Rfe1 Bg6 19. Bb5 h5 20. Nf1 Be4 21. Ne5 Nxe5 22. dxe5 Bxe5 23. Bxe5 Qxe5 24. f3 Qd4+ 25. Kh1 Bf5 26. Ng3 Bg6 27. Rcd1 Qb6 28. Qa4 Rbc8 29. Bd3 Bxd3 30. Rxd3 Rc4 31. Qd1 h4 32. Nh5 Qxb2 33. Rb3 Qd4 34. Qb1 b6 35. Rd1 Qe5 36. g4 hxg3 37. Nxg3 Rh4 38. Rg1 Rc8 39. Rb2 Rc3 40. Re2 Qf4 41. Rf2 Rxf3 42. Re2 Rxg3 0-1

[Event "Titled Tuesday intern op 30th Jul Late"]
[Site "Chess.com INT"]
[Date "2024.07.30"]
[Round "11"]
[White "Prohorov, Olexandr"]
[Black "Joubert, Dantelle"]
[Result "1-0"]
[WhiteElo "2086"]
[BlackElo "1740"]
[PlyCount "77"]
[EventDate "2024.07.30"]
[EventType "swiss (blitz)"]
[EventRounds "11"]
[EventCountry "USA"]
[SourceTitle "EXT 2025"]
[Source "ChessBase"]
[SourceDate "2024.10.14"]
[SourceVersion "1"]
[SourceVersionDate "2024.10.14"]
[SourceQuality "1"]

1. e4 c5 2. c3 g6 3. d4 cxd4 4. cxd4 d5 5. e5 Nc6 6. Nf3 Bg4 7. Nbd2 f6 8. exf6 exf6 9. h3 Be6 10. Bb5 Nge7 11. 0-0 Kf7 12. Re1 Qd7 13. Nb3 b6 14. Bd2 Bg7 15. Qe2 Rhe8 16. Bb4 Nf5 17. Rac1 Rac8 18. a4 Nd6 19. Bxc6 Rxc6 20. Rxc6 Qxc6 21. a5 Nc4 22. axb6 axb6 23. Nbd2 Nxb2 24. Nf1 Nc4 25. Ng3 Bd7 26. Qd1 Rxe1+ 27. Qxe1 Qe6 28. Qc1 Bf8 29. Bxf8 Kxf8 30. Qh6+ Kg8 31. h4 Qf7 32. Qf4 b5 33. h5 gxh5 34. Nh4 b4 35. Nhf5 Bxf5 36. Nxf5 Qe8 37. Qg3+ Kf7 38. Qc7+ Ke6 39. Ng7# 1-0

[Event "Titled Tuesday intern op 02nd Jul Late"]
[Site "Chess.com INT"]
[Date "2024.07.02"]
[Round "2"]
[White "Vasilevich, Tatjana"]
[Black "Prohorov, Olexandr"]
[Result "1-0"]
[WhiteElo "2293"]
[BlackElo "2086"]
[PlyCount "87"]
[EventDate "2024.07.02"]
[EventType "swiss (blitz)"]
[EventRounds "11"]
[EventCountry "USA"]
[SourceTitle "EXT 2025"]
[Source "ChessBase"]
[SourceDate "2024.10.14"]
[SourceVersion "1"]
[SourceVersionDate "2024.10.14"]
[SourceQuality "1"]

1. d4 d5 2. c4 c6 3. Nf3 Nf6 4. e3 g6 5. Bd3 Bg7 6. Nbd2 0-0 7. 0-0 e6 8. b3 b6 9. Bb2 Bb7 10. e4 dxe4 11. Nxe4 Qc7 12. Qe2 Nbd7 13. Rad1 Rad8 14. Bc2 Nxe4 15. Bxe4 Nf6 16. Bc2 c5 17. dxc5 bxc5 18. Ne5 Rfe8 19. Nd3 Nd7 20. Bxg7 Kxg7 21. Qe3 e5 22. h4 f5 23. h5 f4 24. Qh3 Nf6 25. h6+ Kf7 26. f3 Bc8 27. Qh4 Bf5 28. Qg5 Rd7 29. Rfe1 Qd8 30. Nxe5+ Rxe5 31. Rxe5 Rxd1+ 32. Bxd1 Qd4+ 33. Kh2 Qxe5 34. a3 Qe1 35. Qxf4 Qxd1 36. Qc7+ Nd7 37. Qxa7 Qd6+ 38. Kg1 Bc2 39. Qb7 Kf6 40. b4 cxb4 41. axb4 Qd4+ 42. Kh2 Ne5 43. Qg7+ Kf5 44. Qf8+ 1-0

[Event "Chess.com Speed Play In"]
[Site "Chess.com INT"]
[Date "2024.06.27"]
[Round "10"]
[White "Ljukin, Sergei"]
[Black "Prohorov, Olexandr"]
[Result "1-0"]
[WhiteElo "2362"]
[BlackElo "2086"]
[PlyCount "105"]
[EventDate "2024.06.27"]
[EventType "swiss (blitz)"]
[EventRounds "11"]
[EventCountry "USA"]
[SourceTitle "CBM 220 Extra"]
[Source "ChessBase"]
[SourceDate "2024.07.31"]
[SourceVersion "1"]
[SourceVersionDate "2024.07.31"]
[SourceQuality "1"]

1. e4 c5 2. Nf3 e6 3. d4 cxd4 4. Nxd4 Qb6 5. c3 Bc5 6. Bd3 e5 7. b4 Bxb4 8. Nf5 Bf8 9. Na3 d6 10. Nc4 Qc7 11. Ba3 Bxf5 12. exf5 Nf6 13. 0-0 Be7 14. Be2 0-0 15. Bxd6 Bxd6 16. Qxd6 Qc8 17. Qxe5 Nc6 18. Qb5 Ne4 19. Bf3 Nxc3 20. Qb3 Nd4 21. Qxc3 Nxf3+ 22. gxf3 b5 23. Rfc1 bxc4 24. Qxc4 Qxf5 25. Qe4 Qg5+ 26. Kh1 Rfe8 27. Qg4 Qf6 28. Rab1 g6 29. Rc2 h5 30. Qg3 Rad8 31. Rbc1 Qf5 32. Kg2 Kg7 33. Rc5 Qe6 34. Rc6 Qf5 35. Rc7 Rd5 36. R1c4 Rf8 37. Rf4 Qe6 38. Re4 Qf6 39. Rf4 Rf5 40. Rxf5 Qxf5 41. Qd6 h4 42. Qd4+ Kh7 43. Qxh4+ Kg7 44. Qd4+ Kh7 45. Qh4+ Kg8 46. Qd4 Qe6 47. a4 Re8 48. Rd7 Kh7 49. Rxa7 Qf5 50. Qg4 Qc5 51. Rxf7+ Kh8 52. Qxg6 Rg8 53. Rh7# 1-0

[Event "Titled Tuesday intern op 25th Jun Late"]
[Site "Chess.com INT"]
[Date "2024.06.25"]
[Round "4"]
[White "Pasti, Aron"]
[Black "Prohorov, Olexandr"]
[Result "1/2-1/2"]
[WhiteElo "2402"]
[BlackElo "2086"]
[PlyCount "62"]
[EventDate "2024.06.25"]
[EventType "swiss (blitz)"]
[EventRounds "11"]
[EventCountry "USA"]
[SourceTitle "EXT 2025"]
[Source "ChessBase"]
[SourceDate "2024.10.14"]
[SourceVersion "1"]
[SourceVersionDate "2024.10.14"]
[SourceQuality "1"]

1. d4 d6 2. e4 g6 3. Nc3 Bg7 4. f4 Nf6 5. Nf3 c5 6. dxc5 Qa5 7. Bd3 Qxc5 8. Qe2 0-0 9. Be3 Qa5 10. 0-0 Bg4 11. h3 Bxf3 12. Qxf3 Nc6 13. Rad1 Nd7 14. Nd5 e6 15. Nc3 Bxc3 16. bxc3 Qxc3 17. f5 Nce5 18. Qf2 Rac8 19. Bh6 Rfe8 20. fxg6 hxg6 21. Bb5 Qc5 22. Bxd7 Qxf2+ 23. Rxf2 Nxd7 24. Rxd6 Nc5 25. Rd4 e5 26. Rc4 b5 27. Rb4 a6 28. Be3 Red8 29. Rf6 Kg7 30. Rb6 Rd1+ 31. Kh2 Ne6 1/2-1/2

[Event "Titled Tuesday intern op 11th Jun Late"]
[Site "Chess.com INT"]
[Date "2024.06.11"]
[Round "11"]
[White "Oliveira, Tiago Batista"]
[Black "Prohorov, Olexandr"]
[Result "1-0"]
[WhiteElo "1982"]
[BlackElo "2086"]
[PlyCount "93"]
[EventDate "2024.06.11"]
[EventType "swiss (blitz)"]
[EventRounds "11"]
[EventCountry "USA"]
[SourceTitle "EXT 2025"]
[Source "ChessBase"]
[SourceDate "2024.10.14"]
[SourceVersion "1"]
[SourceVersionDate "2024.10.14"]
[SourceQuality "1"]

1. d4 Nf6 2. c4 c5 3. d5 b5 4. cxb5 a6 5. bxa6 Bxa6 6. g3 d6 7. Bg2 g6 8. Nf3 Bg7 9. 0-0 0-0 10. Nc3 Nbd7 11. Qc2 Qa5 12. Rb1 Rfb8 13. Rd1 Ng4 14. Bd2 Nge5 15. Nxe5 Nxe5 16. b3 Qa3 17. Bc1 Qa5 18. Bd2 Qa3 19. Bc1 Qb4 20. Bd2 Qg4 21. h3 Qd7 22. a4 h5 23. f4 h4 24. fxe5 Bxe5 25. Bf4 Bg7 26. Kh2 hxg3+ 27. Bxg3 Rb4 28. e4 Kh7 29. Ne2 Rh8 30. Ng1 Kg8 31. Qf2 Bc8 32. Rf1 f6 33. Qf3 Bh6 34. Be1 Ba6 35. Bxb4 Bxf1 36. Rxf1 cxb4 37. Ne2 Bd2 38. Nd4 Bc3 39. Ne6 Be5+ 40. Kg1 Qa7+ 41. Qf2 Kf7 42. Qxa7 Rc8 43. Ng5+ Kg7 44. Nf3 Kf7 45. Nxe5+ dxe5 46. Qd7 Rc2 47. Qe6+ 1-0

[Event "Titled Tuesday intern op 11th Jun Early"]
[Site "Chess.com INT"]
[Date "2024.06.11"]
[Round "3"]
[White "Prohorov, Olexandr"]
[Black "Hehir, Michael"]
[Result "1-0"]
[WhiteElo "2086"]
[BlackElo "2009"]
[PlyCount "49"]
[EventDate "2024.06.11"]
[EventType "swiss (blitz)"]
[EventRounds "11"]
[EventCountry "USA"]
[SourceTitle "EXT 2025"]
[Source "ChessBase"]
[SourceDate "2024.10.14"]
[SourceVersion "1"]
[SourceVersionDate "2024.10.14"]
[SourceQuality "1"]

1. Nf3 Nf6 2. d4 g6 3. Bf4 Bg7 4. e3 d6 5. h3 0-0 6. Nbd2 c5 7. c3 a6 8. a4 Nc6 9. Bc4 cxd4 10. exd4 Rb8 11. 0-0 b5 12. axb5 axb5 13. Bd3 b4 14. c4 Nh5 15. Be3 e5 16. dxe5 Nxe5 17. Nxe5 dxe5 18. Qc2 Nf4 19. Bxf4 exf4 20. Rfe1 Bxb2 21. Qxb2 Qxd3 22. Ne4 Be6 23. Nf6+ Kh8 24. Nd5+ Kg8 25. Ne7# 1-0

[Event "Titled Tuesday intern op 04th Jun Late"]
[Site "Chess.com INT"]
[Date "2024.06.04"]
[Round "6"]
[White "Melillo, Lucius"]
[Black "Prohorov, Olexandr"]
[Result "0-1"]
[WhiteElo "2306"]
[BlackElo "2086"]
[PlyCount "60"]
[EventDate "2024.06.04"]
[EventType "swiss (blitz)"]
[EventRounds "11"]
[EventCountry "USA"]
[SourceTitle "EXT 2025"]
[Source "ChessBase"]
[SourceDate "2024.10.14"]
[SourceVersion "1"]
[SourceVersionDate "2024.10.14"]
[SourceQuality "1"]

1. Nc3 g6 2. d4 Bg7 3. e4 c6 4. Bc4 d5 5. exd5 b5 6. Be2 b4 7. Na4 cxd5 8. a3 bxa3 9. Rxa3 Nf6 10. Nf3 0-0 11. 0-0 Nc6 12. c3 Bg4 13. h3 Bxf3 14. Bxf3 e5 15. dxe5 Nxe5 16. Bf4 Nxf3+ 17. Qxf3 Ne4 18. Rd1 Rc8 19. Rd3 Re8 20. Qd1 Qh4 21. Be3 d4 22. cxd4 f5 23. Qf3 Rc2 24. d5 Nxf2 25. Bxf2 Rxf2 26. Qg3 Qxg3 27. Rxg3 Bd4 28. Rgd3 Re1+ 29. Kh2 Be5+ 30. Rg3 Rff1 0-1

[Event "Titled Tuesday intern op 04th Jun Late"]
[Site "Chess.com INT"]
[Date "2024.06.04"]
[Round "5"]
[White "Prohorov, Olexandr"]
[Black "Asish, Panda"]
[Result "0-1"]
[WhiteElo "2086"]
[BlackElo "1884"]
[PlyCount "80"]
[EventDate "2024.06.04"]
[EventType "swiss (blitz)"]
[EventRounds "11"]
[EventCountry "USA"]
[SourceTitle "EXT 2025"]
[Source "ChessBase"]
[SourceDate "2024.10.14"]
[SourceVersion "1"]
[SourceVersionDate "2024.10.14"]
[SourceQuality "1"]

1. d4 d5 2. c4 e6 3. Nc3 Nf6 4. Nf3 Be7 5. Bf4 0-0 6. e3 Ne4 7. Bd3 f5 8. Qc2 c6 9. h3 Nd7 10. g4 Qa5 11. Ke2 Bb4 12. gxf5 exf5 13. cxd5 Bxc3 14. dxc6 bxc6 15. bxc3 Nxc3+ 16. Kf1 Nf6 17. Rc1 Nfd5 18. Be5 Ba6 19. Rg1 g6 20. h4 Qxa2 21. Bxa6 Qxa6+ 22. Kg2 Qe2 23. Qb3 Ne4 24. Rc2 Qa6 25. h5 Qb5 26. Qa2 Rf7 27. hxg6 hxg6 28. Rh1 Rh7 29. Rxh7 Kxh7 30. Qa1 Ndf6 31. Qb2 Qxb2 32. Rxb2 a5 33. Ng5+ Nxg5 34. Bxf6 Ne4 35. Rb7+ Kg8 36. Be5 a4 37. Rg7+ Kf8 38. Rh7 Ra6 39. Rh8+ Kf7 40. Rh7+ Ke6 0-1

[Event "Titled Tuesday intern op 04th Jun Late"]
[Site "Chess.com INT"]
[Date "2024.06.04"]
[Round "4"]
[White "Prohorov, Olexandr"]
[Black "Zhizmer, Yuri"]
[Result "0-1"]
[WhiteElo "2086"]
[BlackElo "2287"]
[PlyCount "120"]
[EventDate "2024.06.04"]
[EventType "swiss (blitz)"]
[EventRounds "11"]
[EventCountry "USA"]
[SourceTitle "EXT 2025"]
[Source "ChessBase"]
[SourceDate "2024.10.14"]
[SourceVersion "1"]
[SourceVersionDate "2024.10.14"]
[SourceQuality "1"]

1. Nf3 a6 2. a4 e6 3. g3 b6 4. Bg2 Bb7 5. 0-0 Nf6 6. d3 g6 7. e4 Bg7 8. Re1 0-0 9. Nbd2 d6 10. Qe2 Nbd7 11. c3 Re8 12. d4 e5 13. Qd3 exd4 14. cxd4 c5 15. d5 Ng4 16. Nc4 Nde5 17. Ncxe5 Nxe5 18. Qd1 Nxf3+ 19. Qxf3 Bxd5 20. Bf4 Bc6 21. Rad1 Be5 22. b3 Qf6 23. Qd3 Bxf4 24. gxf4 Qxf4 25. Qxd6 Qxd6 26. Rxd6 Rac8 27. e5 Bxg2 28. Kxg2 Re6 29. Red1 b5 30. axb5 axb5 31. f4 c4 32. bxc4 bxc4 33. Rd8+ Re8 34. Rxe8+ Rxe8 35. Kf3 Rc8 36. Rc1 f6 37. Ke4 Kf7 38. Kd5 c3 39. Rc2 Ke7 40. h4 Kf7 41. exf6 Kxf6 42. Ke4 Rc4+ 43. Ke3 Kf5 44. Kd3 Rxf4 45. Kxc3 Rxh4 46. Rf2+ Rf4 47. Rh2 h5 48. Kd3 h4 49. Ke3 g5 50. Ra2 Kg4 51. Rg2+ Kh5 52. Rg1 Rf8 53. Rg2 h3 54. Rg1 Kh4 55. Ke2 g4 56. Ke3 h2 57. Ra1 Kh3 58. Rd1 g3 59. Rd7 Kg2 60. Rh7 h1Q 0-1

[Event "Titled Tuesday intern op 04th Jun Late"]
[Site "Chess.com INT"]
[Date "2024.06.04"]
[Round "3"]
[White "Yanchenko, Roman"]
[Black "Prohorov, Olexandr"]
[Result "1-0"]
[WhiteElo "2466"]
[BlackElo "2086"]
[PlyCount "71"]
[EventDate "2024.06.04"]
[EventType "swiss (blitz)"]
[EventRounds "11"]
[EventCountry "USA"]
[SourceTitle "EXT 2025"]
[Source "ChessBase"]
[SourceDate "2024.10.14"]
[SourceVersion "1"]
[SourceVersionDate "2024.10.14"]
[SourceQuality "1"]

1. d4 g6 2. c4 Bg7 3. Nf3 c5 4. Nc3 cxd4 5. Nxd4 Nc6 6. e3 Nxd4 7. exd4 Nf6 8. Be2 0-0 9. 0-0 d5 10. Be3 Be6 11. c5 b6 12. b4 Ne4 13. Rc1 a5 14. a3 axb4 15. axb4 bxc5 16. bxc5 Nxc5 17. Nxd5 Bxd5 18. dxc5 Bc6 19. Qc2 Qc7 20. Rb1 e6 21. Rb6 Rfc8 22. Rfb1 Ra1 23. Rxa1 Bxa1 24. Qa2 Be5 25. h3 Bh2+ 26. Kf1 Be5 27. Bf3 Ra8 28. Qc4 Ra1+ 29. Ke2 Ba4 30. Be4 Bd1+ 31. Kd2 Qd8+ 32. Bd3 Ba4 33. c6 Bc7 34. Rb7 e5 35. Bb6 Bxb6 36. Qxf7+ 1-0

[Event "Titled Tuesday intern op 21st May Late"]
[Site "Chess.com INT"]
[Date "2024.05.21"]
[Round "7"]
[White "Olhovik, Andrei"]
[Black "Prohorov, Olexandr"]
[Result "1/2-1/2"]
[WhiteElo "2282"]
[BlackElo "2086"]
[PlyCount "211"]
[EventDate "2024.05.21"]
[EventType "swiss (blitz)"]
[EventRounds "11"]
[EventCountry "USA"]
[SourceTitle "CBM 220 Extra"]
[Source "ChessBase"]
[SourceDate "2024.07.31"]
[SourceVersion "1"]
[SourceVersionDate "2024.07.31"]
[SourceQuality "1"]

1. d4 g6 2. c4 Bg7 3. e4 d6 4. Nc3 e5 5. Nge2 Nc6 6. Be3 exd4 7. Nxd4 Nge7 8. h4 f5 9. h5 0-0 10. hxg6 hxg6 11. Nxc6 bxc6 12. Qd2 fxe4 13. Bh6 Nf5 14. Bxg7 e3 15. fxe3 Nxg7 16. 0-0-0 Qg5 17. Ne4 Qe5 18. Qd4 Qxd4 19. exd4 Rf4 20. Bd3 Bf5 21. Rhe1 Kf7 22. g3 Rg4 23. Rf1 Re8 24. Nc3 Kg8 25. d5 c5 26. Bxf5 Nxf5 27. Rf4 Rxf4 28. gxf4 a6 29. Rg1 Kf7 30. Kd2 Rh8 31. Rg2 Rh4 32. Rf2 Kg7 33. a3 Rh3 34. b4 Ne3 35. bxc5 Nxc4+ 36. Kc2 Nxa3+ 37. Kb2 Nc4+ 38. Kc2 dxc5 39. Ne4 Ne3+ 40. Kb2 Nxd5 41. Nxc5 a5 42. Rd2 Nxf4 43. Rd7+ Kh6 44. Rxc7 Nd5 45. Rc8 Rh2+ 46. Ka3 Rh3+ 47. Kb2 Rf3 48. Ne6 g5 49. Rh8+ Kg6 50. Rg8+ Kh5 51. Rxg5+ Kh4 52. Rxd5 a4 53. Nc5 a3+ 54. Ka2 Kh3 55. Nb3 Rc3 56. Kxa3 Rg3 57. Kb4 Rg4+ 58. Nd4 Kh4 59. Kc4 Kg3 60. Rf5 Rg8 61. Kd3 Rd8 62. Rf7 Kg4 63. Rf1 Kg5 64. Ke4 Kg6 65. Ne6 Re8 66. Ke5 Ra8 67. Rg1+ Kh5 68. Kf6 Ra6 69. Kf5 Ra5+ 70. Ke4 Ra4+ 71. Nd4 Rb4 72. Ke3 Kh4 73. Rg8 Kh3 74. Ne6 Ra4 75. Nf4+ Kh4 76. Kf3 Ra3+ 77. Ke4 Ra4+ 78. Kf5 Ra5+ 79. Ke6 Ra6+ 80. Ke5 Ra5+ 81. Nd5 Kh5 82. Rg1 Kh6 83. Kf6 Ra6+ 84. Kf7 Ra7+ 85. Ne7 Kh5 86. Rg2 Kh4 87. Kf6 Kh3 88. Rg8 Ra6+ 89. Kf5 Ra5+ 90. Kf4 Ra4+ 91. Ke5 Ra5+ 92. Nd5 Ra1 93. Rg5 Kh4 94. Rg8 Re1+ 95. Kf5 Kh3 96. Nf4+ Kh2 97. Rg2+ Kh1 98. Ra2 Re8 99. Kg4 Rg8+ 100. Kf3 Rb8 101. Ra1+ Kh2 102. Ra3 Kh1 103. Nd3 Rf8+ 104. Ke2 Re8+ 105. Kf2 Rf8+ 106. Kg3 1/2-1/2

[Event "Titled Tuesday intern op 21st May Late"]
[Site "Chess.com INT"]
[Date "2024.05.21"]
[Round "3"]
[White "Prohorov, Olexandr"]
[Black "Avalyan, Artur"]
[Result "0-1"]
[WhiteElo "2086"]
[BlackElo "2340"]
[PlyCount "174"]
[EventDate "2024.05.21"]
[EventType "swiss (blitz)"]
[EventRounds "11"]
[EventCountry "USA"]
[SourceTitle "CBM 220 Extra"]
[Source "ChessBase"]
[SourceDate "2024.07.31"]
[SourceVersion "1"]
[SourceVersionDate "2024.07.31"]
[SourceQuality "1"]

1. e4 e6 2. d4 d5 3. Nd2 c5 4. exd5 exd5 5. Bb5+ Bd7 6. Qe2+ Be7 7. dxc5 Nf6 8. Nb3 0-0 9. Nf3 Re8 10. Be3 a6 11. Bxd7 Nbxd7 12. 0-0-0 Nxc5 13. Bg5 Qb6 14. Nfd4 h6 15. Be3 Qc7 16. Kb1 Rac8 17. Nf5 Bf8 18. Nxc5 Bxc5 19. c3 Re4 20. Qf3 Bxe3 21. Nxe3 Qc6 22. h3 Rce8 23. g4 R4e5 24. h4 Ne4 25. Nc2 Qf6 26. Qxf6 Nxf6 27. Rd4 Re2 28. g5 Ne4 29. gxh6 gxh6 30. Rg1+ Kf8 31. Rxd5 Rxf2 32. Kc1 Rh2 33. Re1 Rxh4 34. Nd4 Rf4 35. Rh5 Kg7 36. Rg1+ Ng5 37. Rh2 Re3 38. a4 Kg6 39. Kc2 Kg7 40. a5 Re5 41. Nb3 Kh7 42. Kb1 Nf3 43. Rf1 Ref5 44. Rhh1 Ne5 45. Rxf4 Rxf4 46. Nc5 Nc4 47. Nxb7 Rf5 48. b4 Rf3 49. Kc2 Ne5 50. Kb3 Nc6 51. Nc5 Nd4+ 52. Kc4 Nb5 53. Nxa6 Nd6+ 54. Kd5 Nf5 55. c4 Ng3 56. c5 Rd3+ 57. Kc4 Rd2 58. Rg1 Rc2+ 59. Kb5 Ne2 60. Rg2 Nd4+ 61. Kb6 Rxg2 62. c6 Rc2 63. b5 h5 64. Nc5 Rb2 65. c7 Nxb5 66. Kc6 Na7+ 67. Kd7 h4 68. Ne4 Kg6 69. c8Q Nxc8 70. Kxc8 Ra2 71. a6 h3 72. Ng3 Kg5 73. Kb7 Kg4 74. a7 Rb2+ 75. Kc7 Ra2 76. Kb7 Kxg3 77. a8Q Rxa8 78. Kxa8 h2 79. Kb7 h1Q+ 80. Kc8 Qe4 81. Kd7 f5 82. Kd6 f4 83. Kd7 f3 84. Kd8 f2 85. Kd7 f1Q 86. Kd6 Qd1+ 87. Kc7 Qec2+ 0-1

[Event "Titled Tuesday intern op 21st May Late"]
[Site "Chess.com INT"]
[Date "2024.05.21"]
[Round "5"]
[White "Prohorov, Olexandr"]
[Black "Estrada Nieto, Julian"]
[Result "1-0"]
[WhiteElo "2086"]
[BlackElo "2196"]
[PlyCount "87"]
[EventDate "2024.05.21"]
[EventType "swiss (blitz)"]
[EventRounds "11"]
[EventCountry "USA"]
[SourceTitle "CBM 220 Extra"]
[Source "ChessBase"]
[SourceDate "2024.07.31"]
[SourceVersion "1"]
[SourceVersionDate "2024.07.31"]
[SourceQuality "1"]

1. d4 d5 2. c4 dxc4 3. e3 Nf6 4. Bxc4 e6 5. Nf3 c5 6. Qe2 a6 7. a4 Nc6 8. dxc5 Bxc5 9. 0-0 Qc7 10. Nc3 0-0 11. b3 b6 12. Bb2 Bb7 13. Rac1 Na5 14. Nd2 Rfd8 15. Rfd1 Qc6 16. f3 Qc7 17. g3 Rd7 18. Bd3 Qe5 19. Nde4 Nxb3 20. Rb1 Qh5 21. Nxf6+ gxf6 22. Bxh7+ Kxh7 23. Rxd7 Bxf3 24. Qd3+ Kg7 25. Rf1 Rh8 26. Rf2 Bc6 27. Rc7 Ba8 28. Ne2 Rh6 29. Qxb3 Qg5 30. Bd4 Bd5 31. Qc3 Bxd4 32. Qxd4 Rg6 33. Nf4 Bb3 34. Nxg6 Qxg6 35. Qd2 Bd5 36. Rc1 Qe4 37. Kf1 Qh1+ 38. Ke2 Qe4 39. Rc3 Bc4+ 40. Kd1 Qb1+ 41. Qc1 Bb3+ 42. Kd2 Qa2+ 43. Ke1 Qxa4 44. e4 1-0